20 Movies from the 1920s Quiz Stats

 Plays Quiz not verified by Sporcle

Support Sporcle.
Go Orange.
Score 0/20 Timer 04:00
0 Plays Today
% Correct
Box
97.9%
Phantom
97.4%
Gold
97.2%
Don
96.2%
Jazz
95.7%
Taming
93.7%
Passion
93.1%
Steamboat
93%
Port
91.7%
Diggers
89.4%
% Correct
Merry
88.7%
Thief
88.2%
Chien
87.2%
Safety
85.7%
Caligari
84%
Potemkin
83.7%
Bill
83.4%
Matinee
75%
Docks
70.4%
Orphans
66.4%

You're not logged in!

Compare scores with friends on all Sporcle quizzes.
OR
Log In

From the Vault

Minnesota Cities

by seanob

Ten thousand lakes, and at least twenty cities.
Remove Ads.
Support Sporcle.
Get the best of Sporcle when you Go Orange. This ad-free experience offers more features, more stats, and more fun while also helping to support Sporcle. Thank you for becoming a member.

Show Comments

Extras

Top Quizzes Today


Score Distribution

Your Account Isn't Verified!

In order to create a playlist on Sporcle, you need to verify the email address you used during registration. Go to your Sporcle Settings to finish the process.

Report this User

Report this user for behavior that violates our Community Guidelines.

Details: